Elliptic theory and noncommutative geometry : nonlocal elliptic operators /

Bibliographic Details
Main Author: Nazaĭkinskiĭ, V. E.
Corporate Author: SpringerLink (Online service)
Other Authors: Savin, Anton Yu, Sternin, B. I͡U
Format: eBook
Language:English
Published: Basel ; Boston : Birkhäuser, [2008]
Series:Operator theory, advances and applications ; v. 183.
Operator theory, advances and applications. Advances in partial differential equations.
Subjects:
Online Access:Connect to the full text of this electronic book

MARC

Tag First Indicator Second Indicator Subfields
LEADER 00000cam a2200000Ia 4500
001 in00002467804
005 20210817090313.0
006 m d
007 cr cn|||||||||
008 081117s2008 sz a sb 001 0 eng d
020 |a 3764387750 
020 |a 9783764387754 
035 |a (OCoLC)272313415 
035 |a (OCoLC)ocn272313415 
037 |a 978-3-7643-8774-7  |b Springer  |n http://www.springerlink.com 
040 |a GW5XE  |b eng  |c GW5XE  |d UtOrBLW 
049 |a TEFA 
050 1 4 |a QA329.42  |b .N396 2008eb 
082 0 4 |a 515.7242  |2 22 
100 1 |a Nazaĭkinskiĭ, V. E.  |0 http://id.loc.gov/authorities/names/n88009538 
245 1 0 |a Elliptic theory and noncommutative geometry :  |b nonlocal elliptic operators /  |c Vladimir E. Nazaikinskii, Anton Yu. Savin, Boris Yu. Sternin. 
264 1 |a Basel ;  |a Boston :  |b Birkhäuser,  |c [2008] 
264 4 |c ©2008 
300 |a xii, 224 pages :  |b illustrations ;  |c 24 cm. 
336 |a text  |b txt  |2 rdacontent 
337 |a computer  |b c  |2 rdamedia 
338 |a online resource  |b cr  |2 rdacarrier 
490 1 |a Operator theory, advances and applications ;  |v v. 183.  |a Advances in partial differential equations 
500 |a Electronic resource. 
504 |a Includes bibliographical references (pages [217]-221) and index. 
533 |a Electronic reproduction.  |b New York :  |c Springer,  |d 2008.  |n Mode of access: World Wide Web.  |n System requirements: Web browser.  |n Title from title screen (viewed on Nov. 10, 2008).  |n Access may be restricted to users at subscribing institutions. 
650 0 |a Elliptic operators.  |0 http://id.loc.gov/authorities/subjects/sh85042607 
650 0 |a Noncommutative differential geometry.  |0 http://id.loc.gov/authorities/subjects/sh97004788 
655 7 |a Electronic books.  |2 local 
700 1 |a Savin, Anton Yu.  |0 http://id.loc.gov/authorities/names/nb2008012519 
700 1 |a Sternin, B. I͡U.  |0 http://id.loc.gov/authorities/names/n85814053 
710 2 |a SpringerLink (Online service)  |0 http://id.loc.gov/authorities/names/no2005046756 
776 1 |c Original  |z 3764387742  |z 9783764387747  |w (DLC) 2008924711  |w (OCoLC)213479423 
830 0 |a Operator theory, advances and applications ;  |v v. 183.  |0 http://id.loc.gov/authorities/names/n42017868 
830 0 |a Operator theory, advances and applications.  |p Advances in partial differential equations.  |0 http://id.loc.gov/authorities/names/n2001000258 
856 4 0 |u http://proxy.library.tamu.edu/login?url=https://dx.doi.org/10.1007/978-3-7643-8775-4  |z Connect to the full text of this electronic book  |t 0 
994 |a C0  |b TEF 
999 |a MARS 
999 f f |s cac8ec46-4188-31a0-b8dc-f63e5466048d  |i c2eb17ee-9290-35d9-948c-bf9cec99834a  |t 0 
952 f f |a Texas A&M University  |b College Station  |c Electronic Resources  |d Available Online  |t 0  |e QA329.42 .N396 2008eb  |h Library of Congress classification 
998 f f |a QA329.42 .N396 2008eb  |t 0  |l Available Online